000 00733nam a2200241 i 4500
001 47482
003 ES-MaACL
005 20230906161554.0
007 t|
008 030428s2001 sp |||| |dspa j
020 _a84-344-2503-3
080 _a821.134.2 Alas, Leopoldo 1.06
100 1 _aSotelo Vázquez, Adolfo.
_9107462
245 1 0 _aPerfiles de "Clarín" /
_cAdolfo Sotelo Vázquez.
250 _a1ª ed.
260 _aBarcelona :
_bAriel,
_c2001.
300 _a252 p. ;
_c23 cm.
490 1 _aAriel literatura y crítica
600 1 4 _aAlas, Leopoldo,
_d1852-1901-
_xCrítica e interpretación
_919157
830 0 _aAriel literatura y crítica
_9226373
852 _aES-MaACL
_jL-26236
999 _c47482
_d47482